| 000 | 00518nam a22001937a 4500 | ||
|---|---|---|---|
| 003 | MPLRDC | ||
| 005 | 20220104143452.0 | ||
| 008 | 210129b ||||| |||| 00| 0 eng d | ||
| 020 | _a978-957-821-991-5 | ||
| 082 | _a781.057 TSFX | ||
| 100 | _a探索发现系列编辑委员会 编著 | ||
| 245 |
_a世界十大传奇帝王 _c |
||
| 250 | _a初版 | ||
| 260 |
_a台湾 _b大旗出版 _c2010 |
||
| 300 | _b191 | ||
| 490 | _a探索发现系列 | ||
| 650 | _a世界名人合传--帝王 | ||
| 942 |
_cBK _o781.057 TSFX |
||
| 999 |
_c40196 _d40186 |
||